000 00839nam a22002657a 4500
001 147
003 FISKH
005 20230301103628.0
008 230301b cb ||||| |||| 00| 0 eng d
040 _aDLC
_cDLC
_dDLC
_dFISKH
_beng
050 0 0 _aPZ7.K946
_bOn
082 0 0 _a813
_219
100 1 _aKrumgold, Joseph,
_d1908-1980.
245 1 0 _aOnion John.
_cIllustrated by Symeon Shimin.
260 _aNew York
_bHarper Collins
_c1984
300 _ap. 248 p.
_billus.
_c20 cm.
520 _aHis friendship with the town odd-jobs man, Onion John, causes a conflict between Andy and his father.
521 8 _a710
_bLexile
521 8 _aM
_bRaz-Plus
650 1 _aFathers and sons
_xFiction.
650 1 _aFriendship
_xFiction.
700 1 _aShimin, Symeon,
_d1902-1984.
906 _a7
_bcbc
_corignew
_d1
_eocip
_f19
_gy-gencatlg
942 _2ddc
_cBK
_n0
999 _c147
_d147